|
|
|
|
| LEADER |
00000cam a2200000 a 4500 |
| 001 |
vtls008386449 |
| 003 |
SK-MaSNL |
| 005 |
20260301053540.0 |
| 008 |
240314s1926 xo g h 000 0bslo |
| 015 |
|
|
|a SKSNBA19191938-007574
|
| 020 |
|
|
|q (brož.)
|
| 035 |
|
|
|a SK01SNKBSKHR20010078666
|
| 035 |
|
|
|a SKM000081129
|
| 040 |
|
|
|a SNK
|b slo
|c SNK
|e AACR2
|
| 041 |
0 |
|
|a slo
|
| 044 |
|
|
|a xo
|c SK
|
| 072 |
|
7 |
|a 821.162.4.09
|x Slovenská literatúra (o nej)
|2 konspekt
|
| 072 |
|
7 |
|a 929
|x Biografie
|2 konspekt
|
| 080 |
|
|
|a 929
|2 2001
|
| 080 |
|
|
|a 821.162.4-051
|2 2001
|
| 080 |
|
|
|a 821.162.4
|2 2001
|
| 080 |
|
|
|a (048.8)
|2 2001
|
| 080 |
|
|
|a (092)
|2 2001
|
| 100 |
1 |
|
|a Mráz, Andrej,
|d 1904-1964
|4 aut
|9 101700
|
| 245 |
1 |
0 |
|a Svetozár Hurban Vajanský
|b štúdia
|c Andrej Mráz
|
| 250 |
|
|
|a [1. vyd.]
|
| 260 |
|
|
|a Bratislava
|b Slovenský národ
|c 1926
|e Bratislava
|f Slovenská Grafia
|
| 300 |
|
|
|a 162 s.
|c 19 cm
|
| 600 |
1 |
7 |
|a Vajanský, Svetozár Hurban,
|d 1847-1916
|2 SNKMA
|9 110614
|
| 648 |
|
7 |
|a 19.-20. stor.
|2 SNKPH
|9 268609
|
| 650 |
0 |
7 |
|a slovenská literatúra
|2 SNKPH
|9 1115
|
| 650 |
0 |
7 |
|a slovenskí spisovatelia
|2 SNKPH
|9 1258
|
| 655 |
|
7 |
|a štúdie
|2 SNKPH
|9 57033
|
| 655 |
|
7 |
|a biografie
|2 SNKPH
|9 27965
|
| 852 |
|
|
|a Slovenská národná knižnica v Martine
|b 10000
|h MS SD 3003
|
| 852 |
|
|
|a Univerzitná knižnica v Bratislave
|b 300000
|h SF 1160
|
| 852 |
|
|
|a Univerzitná knižnica v Bratislave
|b 300000
|h XXF 663
|
| 958 |
|
|
|a RK
|
| 999 |
|
|
|c 608608
|d 610538
|
| 952 |
|
|
|a SNK
|b SNK
|y VYP
|7 0
|p 17A0527211
|o snkSD 3003 D2
|i snkK 2703/65
|8 3
|0 0
|1 0
|4 0
|d 2006-10-25
|l 0
|r 2026-02-23 16:15:46
|w 2026-02-23
|
| 952 |
|
|
|a SNK
|b SNK
|y VYP
|7 0
|p 17A0309465
|o snkSD 3003 D1
|i snkKSF 1869/56
|8 5
|0 0
|1 0
|4 0
|d 2006-10-25
|l 0
|r 2026-02-23 16:15:47
|w 2026-02-23
|
| 952 |
|
|
|a SNK
|b SNK
|y PREZ
|7 0
|p 17A0592029
|o snkSD 3003
|i snk669/32
|0 0
|1 0
|4 0
|d 2008-06-26
|l 0
|r 2025-11-04 00:00:00
|w 2026-02-23
|